000 00543nam a2200217Ia 4500
005 20241129115535.0
008 241129s9999||||xx |||||||||||||| ||und||
020 _a9781944659929
037 _aTB
040 _aSDCL
_beng
_cSDCL
041 _aeng
_2eng
084 _aB75 R2
_qSDCL
100 _aKambe Tsutomu
_9727700
245 0 _aElementary fluid mechanics
260 _aChennai
_bWorld Scientific
_c2022
300 _axv,386p.
365 _aINR
_b0
650 _aGift
942 _cTB
_hB75 R2
999 _c1230891
_d1230891